000 00877nam a2200193 i 4500
001 180463
003 ES-MaACL
005 20230906221113.0
008 120606s1971 sp |||| | spa d
080 _a595.34(262-15)
100 1 _aVives Galmes, Francisco.
_9150388
245 1 0 _aContribución al estudio de los crustáceos planctónicos del Mediterráneo Occidental
_b: estudio faunístico y ecológico de los Copépodos del Mediterráneo español (costas de Cataluña y Valencia) /
_cpor Francisco Vives Galmes.
260 _aBarcelona :
_bUniversidad de Barcelona, Secretariado de Publicaciones, Intercambio Científico y Extensión Universitaria,
_c1971.
300 _a24 p. :
_bil. ;
_c24 cm.
502 _aTesis-Universidad de Barcelona (Extracto)
650 4 _aCopépodos.
_9150389
710 2 _aUniversidad de Barcelona.
_97141
852 _aES-MaACL
_jE-15362(56)
999 _c180463
_d180463